La naturaleza de Madrid / (Record no. 111864)

MARC details
000 -LEADER
campo de control de longitud fija 00921nam a2200241 i 4500
001 - NÚMERO DE CONTROL
campo de control 111864
003 - IDENTIFICADOR DE NÚMERO DE CONTROL
campo de control ES-MaACL
005 - FECHA Y HORA DE LA ÚLTIMA TRANSACCIÓN
campo de control 20251002203805.0
007 - CAMPO FIJO DE DESCRIPCIÓN FÍSICA--INFORMACIÓN GENERAL
campo de control de longitud fija t|
008 - DATOS DE LONGITUD FIJA--INFORMACIÓN GENERAL
campo de control de longitud fija 061121s1987 sp ao |||| | spa d
020 ## - NÚMERO INTERNACIONAL ESTÁNDAR DEL LIBRO
Número Internacional Estándar del Libro 84-505-6278-3
245 03 - MENCIÓN DEL TÍTULO
Título La naturaleza de Madrid /
Mención de responsabilidad, etc. José Reinerio Baragaño...[et al.] ; editores, Emilio Fernández Galiano , Ángel Ramos Fernández.
260 ## - PUBLICACIÓN, DISTRIBUCIÓN, ETC.
Lugar de publicación, distribución, etc. Madrid :
Nombre del editor, distribuidor, etc. Consejería de Agricultura y Ganadería , Servicio del Medio Natural,
Fecha de publicación, distribución, etc. 1987.
300 ## - DESCRIPCIÓN FÍSICA
Extensión 301 p. :
Otras características físicas il. ;
Dimensiones 25 cm.
500 ## - NOTA GENERAL
Nota general Índice.
504 ## - NOTA DE BIBLIOGRAFÍA, ETC.
Nota de bibliografía, etc. Bibliografía.
700 1# - ENTRADA AGREGADA--NOMBRE PERSONAL
Nombre de persona Reinerio Baragaño, José.
9 (RLIN) 96050
700 1# - ENTRADA AGREGADA--NOMBRE PERSONAL
Nombre de persona Fernández-Galiano, Emilio,
Fechas asociadas al nombre 1923-2006
9 (RLIN) 150965
700 1# - ENTRADA AGREGADA--NOMBRE PERSONAL
Nombre de persona Ramos Fernández, Angel.
9 (RLIN) 95310
710 2# - ENTRADA AGREGADA--NOMBRE DE ENTIDAD CORPORATIVA
Nombre de entidad corporativa o nombre de jurisdicción como elemento de entrada Madrid (Comunidad Autónoma).
Unidad subordinada Consejería de Agricultura y Ganadería. Servicio del Medio Natural.
9 (RLIN) 5593
852 ## - LOCALIZACIÓN
Ubicación ES-MaACL
Número de control de estantería G-1918
Holdings
Estatus retirado Estado de pérdida Estado de daño No para préstamo Biblioteca de origen Biblioteca actual Ubicación en estantería Fecha de adquisición Fuente de adquisición Total de préstamos Signatura topográfica completa Código de barras Visto por última vez Precio de reemplazo Tipo de ítem Koha
        Biblioteca del Ateneo de Madrid Biblioteca del Ateneo de Madrid Depósito 2 17/01/2008     G-1918 1116689 23/02/2023 23/02/2023 Libro impreso